Responses for Show #7904 - Thursday, January 10, 2019

Anneke Garcia game 1.

Contestants

[<< previous game]

Anneke Garcia, an instructional design consultant from Salt Lake City, Utah

Dave Kaplan, a retired mixed martial artist from Westford, Massachusetts

Jessica Holloway, an art education student from The Woodlands, Texas (whose 2-day cash winnings total $54,401)

[next game >>]

Jeopardy! Round responses

10 LINES ABOUT 5 WOMEN
TECHNOLOGY
ON THE RADIO
NONFICTION
"RU" READY?
OF CORSICA
    $200 8
Barton

Jessica
    $200 16
fracking

Dave
    $200 1
Nashville

Anneke
    $200 23
(Alex: With less than a minute now.)

rugby

Jessica
    $200 6
Sardinia

Dave
    $400 9
(Dave: Who is Emily Dickinson?)

Amherst

Dave
Triple Stumper
    $400 15
Kindle

Jessica
    $400 2
"Stairway To Heaven"

Jessica
    $400 29
[The end-of-round signal sounds.]

a thousand

Dave
    $400 24
runoff

Dave
    $400 19
creme de menthe

Jessica
    $600 10
"Respect"

Jessica
    $600 14
a missile

Jessica
    $600 3
Fibber McGee and Molly

Triple Stumper
    $600 28
slave ships

Jessica
    $600 27
the rumba

Anneke
    $600 20
vendetta

Jessica
    $800 11
Chanel No. 5

Dave
    $800 13
a lighthouse

Jessica
    $1,000 4
WNYC

Jessica
    $800 18
influenza

Jessica
    $800 26
rubella

Dave
    $800 21
Napoleon

Anneke
    $1000 7
(Margaret) Mead

Jessica
    $1000 12
maglev

Jessica
    $1000 5
"Good morning, Vietnam"

Anneke
    $1000 17
The Looming Tower

Triple Stumper
    $1000 25
a ruminant

Anneke
    $1000 22
grottoes

Jessica

Scores at the first commercial break (after clue 15):

Jessica Dave Anneke
$6,000 $600 $1,200

Scores at the end of the Jeopardy! Round:

Jessica Dave Anneke
$9,600 $2,400 $3,600

Double Jeopardy! Round responses

PLACES OF LEGEND
THEATER
WORDS ABOUT WORDS
MENAGERIE
2018 POP CULTURE
SCHOOL WITHIN A SCHOOL
(Alex: We'll give you the name of a school. You tell us which--what university or college it's a part of.)
    $400 9
(Alex: It's underwater.)

Atlantis

Jessica
    $400 30
The Mousetrap

Triple Stumper
    $400 8
a pun

Anneke
    $400 24
a turtle

Jessica
    $400 20
Donkey Kong

Jessica
    $400 25
the University of Arkansas

Dave
    $800 14
Roanoke

Jessica
    $800 29
Hair

Anneke
    $800 7
verbatim

Anneke
    $800 23
an eyeball

Anneke
    $800 19
(Jessica: What is Bey-Z?)

The Carters

Jessica
Triple Stumper
    $800 12
Princeton

Triple Stumper
    $1200 15
Avalon

Anneke
    $1200 28
Friends

Anneke
    $1200 6
a loanword

Anneke
    $1200 22
bats

Jessica
    $1200 18
(LeBron) James

Jessica
    $1200 11
the University of Michigan

Dave
    $1600 16
Arimathea

Anneke
    $1600 27
Rent

Dave
    $4,000 5
a malapropism

Anneke
    $1600 21
heron

Jessica
    $1600 13
Evangeline Lilly

Anneke
    $1600 10
the University of Chicago

Triple Stumper
    $2000 17
(Jessica: What is Shangri-la?)
(Dave: What is Cibola?)

El Dorado

JessicaDave
Triple Stumper
    $2000 26
(Alex: And we have less than a minute now.)

Edward Albee

Triple Stumper
    $2000 4
(Dave: What is...)

nonce

Dave
Triple Stumper
    $2000 1
spider

Dave
    $2000 3
Chip and Joanna Gaines

Anneke
    $4,400 2
(Dave: What is Penn State?)

Carnegie Mellon

Dave

Scores at the end of the Double Jeopardy! Round:

Jessica Dave Anneke
$12,800 -$800 $19,200

[wagering suggestions for these scores]

Final Jeopardy! Round responses

AMERICAN LANDMARKS
JessicaWhat is The Statue of Liberty???
$12,800
AnnekeWhat is the Statue of Liberty?
$6,401
the Statue of Liberty

Final scores:

Jessica Dave Anneke
$25,600 -$800 $25,601
2nd place: $2,000 3rd place: $1,000 New champion: $25,601

Game dynamics:

Coryat scores:

Jessica Dave Anneke
$12,600 $3,600 $16,800
22 R
(including 1 DD),
2 W
10 R,
4 W
(including 1 DD)
16 R
(including 1 DD),
0 W

Combined Coryat: $33,000

[game clues] [game scores] [suggest correction]

Game tape date: 2018-11-14
The J! Archive is created by fans, for fans. Scraping, republication, monetization, and malicious use prohibited; this site may use cookies and collect identifying information. See terms. The Jeopardy! game show and all elements thereof, including but not limited to copyright and trademark thereto, are the property of Jeopardy Productions, Inc. and are protected under law. This website is not affiliated with, sponsored by, or operated by Jeopardy Productions, Inc. Join the discussion at JBoard.tv.